000 00843cam a2200265 a 4500
001 000007667
005 20200929154244.0
008 950517s1997 ve 000 f spa d
020 _a9800107940
040 _aDO-SdBNP
_bspa
_cBNPHU
082 _a980
_bB849l, 1997
100 1 _aBriceño Guerrero, J. M.
_d1929-
_921249
245 1 3 _aEl laberinto de los tres minotauros /
_cJ.M. Briceño Guerrero.
250 _a2a ed.
260 _aCaracas :
_bMonte Ávila Editores Latinoamericana,
_c1997.
300 _a303 p. ;
_c20 cm.
490 1 _aEstudios
651 4 _aAmerica Latina
_xCivilización
_xInfluencias Españolas
_921250
650 4 _aCivilización occidental
_921251
650 4 _aCivilización cristiana
_921252
650 4 _aMestizaje
_92277
830 0 _aEstudios.
_93854
910 _aCatalogación derivada / LC
049 _aBNGR
999 _c7447
_d7447